| 000 | 00349nam a2200145Ia 4500 | ||
|---|---|---|---|
| 008 | 150201s2009 xx 000 0 und d | ||
| 082 |
_a611.0183 _bO2009B |
||
| 100 | _aBERKOVITZ | ||
| 245 | _aORAL ANATOMY HISTOLOGY & EMBRYOLOGY | ||
| 250 | _a4TH | ||
| 260 |
_bMOSBY _aDELHI _c2009 |
||
| 300 | _a1-398 | ||
| 650 | _aORAL PATHOLOGY | ||
| 942 |
_2ddc _cBK |
||
| 999 |
_c4433 _d4433 |
||